000 00462nam a2200181Ia 4500
001 45335
008 140428s9999 xx 000 0 und d
020 _aNA
040 _cPK-LaUMT
082 _aRHC 891.4394
_bWAZ-M
100 _aWazir Agha
245 _aMasarrat ki tallash (Urdu)
_bshamara awwal
_cWazir Agha
260 _aLahore,Pakistan:
_bAcademy Punjab,
_c1954
300 _a207 p.
546 _aUR
650 _aPakistani literature-Urdu
942 _cBK
999 _c43303
_d43303